| 000 | 01053nam0a22002651 4500 | ||
|---|---|---|---|
| 001 | rc\3592198 | ||
| 005 | 20130115142348.5 | ||
| 021 |
_aRU _bРг6039-72 |
||
| 035 | _a(NLR Aleph) 007703118 | ||
| 090 |
_a6768543 _c6768543 |
||
| 100 | _a20130115d1971 |||y0rusy50 ca | ||
| 101 | 0 | _arus | |
| 102 | _aRU | ||
| 105 | _ay a ||||| | ||
| 200 | 1 |
_aПоэт и гражданин _e(Метод. и библиогр. материалы к 150-летию со дня рождения Н.А. Некрасова) _fМ-во культуры КБАССР. Кабард.-баркар. респ. дет. б-ка |
|
| 210 |
_aНальчик _cБ. и. _d1971 |
||
| 215 |
_a35 с. _d20 |
||
| 300 | _aНа обороте тит. л. сост.: С. Богатыжева | ||
| 702 | 1 |
_aБогатыжева _bС. А. _4220 |
|
| 712 | 0 | 2 |
_aКабардино-Балкарская респ. детская б-ка _cНальчик _3RU\NLR\AUTH\889961207 |
| 801 | 0 |
_aRU _bNLR _gpsbo |
|
| 801 | 1 |
_aRU _bELAR _2rusmarc |
|
| 852 |
_aNLR _jБ 9080.5/П-671 |
||
| 942 | _cBOOK | ||
| 980 | _aNB | ||